000 00487nam a2200169Ia 4500
008 230917s9999||||xx |||||||||||||| ||und||
020 _cRS695
040 _e249745
_aMAIN
041 _aEnglish
082 _a829.44209 W119B
100 _aWadikar, Shailaja B
245 0 _aBadal sircar: People's playwright
260 _aNew Delhi
_bAtlantic Publishers and Distributors
_c2018
300 _axiv, 202 p.
500 _a3255 23/08/2018 APD18/1083032 17/09/2018 Main Budget
942 _cBK
999 _c28034
_d28034